LEADER 01261nam0-22004331i-450- 001 990007144100403321 005 20111228130835.0 010 $a88-14-06246-3 035 $a000714410 035 $aFED01000714410 035 $a(Aleph)000714410FED01 035 $a000714410 100 $a20111228d1996----km-y0itay50------ba 101 0 $aspa 102 $aIT 105 $ay-------001yy 200 1 $aTomás y Valiente$euna biografía intelectual$fBartolomé Clavero$gpagina introduttiva di Paolo Grossi 210 $aMilano$cGiuffrè$dc1996 215 $aXXXVI, 373 p.$d23 cm 225 1 $aPer la storia del pensiero giuridico moderno$v47 676 $a340.1$v20$zita 676 $a340.09 700 1$aClavero Salvador,$bBartolomé$0426574 702 1$aGrossi,$bPaolo$f<1933- > 702 1$aTomás y Valiente,$bFrancisco 801 0$aIT$bUNINA$gRICA$2UNIMARC 901 $aBK 912 $a990007144100403321 952 $aCN. 17 (47$b2059$fDDCIC 952 $aXI SPG 47$b919$fDFD 952 $aXI D C 46 (1)$b1242$fDFD 952 $aDP VI-471$b15651$fDEC 952 $aCOLLEZ.354BIS (47)$b34518*$fFGBC 959 $aDDCIC 959 $aDFD 959 $aDEC 959 $aFGBC 996 $aTomás y Valiente$9690480 997 $aUNINA LEADER 00765nam a2200205 i 4500 001 991002507609707536 008 070604s2005 it a 000 0 ita 035 $ab13537908-39ule_inst 040 $aDip.to Beni Arti e Storia$bita 100 1 $aConti, Alessandro$0312239 245 10$aItinerari fiorentini /$cAlessandro Conti ; a cura di Giovanna Ragionieri 260 $aFirenze :$bPolistampa,$cs2005 300 $a193 p. ;$c17 cm 650 4$aFirenze$xArte 907 $a.b13537908$b04-06-07$c04-06-07 912 $a991002507609707536 945 $aLE019 A26 AR F 16$g1$i2019000044714$lle019$o-$pE0.00$q-$rl$s- $t0$u0$v0$w0$x0$y.i14473963$z04-06-07 996 $aItinerari fiorentini$91222590 997 $aUNISALENTO 998 $ale019$b04-06-07$cm$da $e-$fita$git $h0$i0